00983nam a22002295i 4500001000700000003000900007005001700016008004100033040002000074100003700094245006900131250002200200260011400222300003000336490002500366596005300391597002100444830006700465852007800532999001900610952012400629167312ES-MaACL20250818063111.0010307q18701925sp a |||| | spa d aCAM bspa cCAM1 aVerne, Jules,d1828-1905918865413aEl pueblo aéreo / cobra escrita en francés por Julio Verne. aEd. il. con grab. aMadrid : bSáenz de Jubera, Hermanos, c[s.a.] (fEstablecimiento tipográfico "Sucesores de Rivadeneyra") a104 p. : bil. ; c28 cm.1 aObras de Julio Verne 1aSáenz de Jubera Hermanos ejerce ca. 1870-1925. 1aTexto a dos col.00aObras completas de Julio Verne ilustradas con grabados9222615 aES-MaACLjB-12398(4) z-- Enc. ed. en tela roja con planchas polícromas c167312d167312 00104070aATENEOMbATENEOMcSPBd2008-01-17eSSCl0oB-12398(4)p1175512r2023-02-23 00:00:00w2023-02-23yMONOGRAFIA